Wood anatomy of Hevea brasiliensis (Record no. 48261)

MARC details
000 -LEADER
fixed length control field 00467nam a2200145Ia 4500
100 ## - MAIN ENTRY--AUTHOR NAME
Personal name Panikkar A O N
245 #0 - TITLE STATEMENT
Title Wood anatomy of Hevea brasiliensis
260 ## - PUBLICATION, DISTRIBUTION, ETC. (IMPRINT)
Name of publisher In: Abstracts of papers: International Rubber Conference, 23-28 November 1980, Rubber Research Institute of India, Kottayam, India
650 ## - SUBJECT ADDED ENTRY--TOPICAL TERM
Topical Term India
650 ## - SUBJECT ADDED ENTRY--TOPICAL TERM
Topical Term Wood anatomy
700 ## - ADDED ENTRY--PERSONAL NAME
Personal name Deshpande B D
700 ## - ADDED ENTRY--PERSONAL NAME
Personal name Premakumari D
942 ## - ADDED ENTRY ELEMENTS (KOHA)
Koha item type Bibliography RLWO
Holdings
Withdrawn status Lost status Damaged status Not for loan Home library Current library Date acquired Koha item type
      Bibliography RRII Library RRII Library 31/12/2021 Bibliography RLWO